[Event "POL-chT 46th prel"]
[Site "Bydgoszcz"]
[Date "1990.09.20"]
[Round "5"]
[White "Klusek, Danuta"]
[Black "Gasik, Jadwiga"]
[Result "1-0"]
[WhiteElo "2135"]
[BlackElo "2045"]
[PlyCount "77"]
[EventDate "1990.09.16"]
[EventType "team-swiss"]
[EventRounds "6"]
[EventCountry "POL"]
[SourceTitle "EXT 2019"]
[Source "ChessBase"]
[SourceDate "2018.10.10"]
[SourceVersion "1"]
[SourceVersionDate "2018.10.10"]
[SourceQuality "1"]
[WhiteTeam "Debica Igloopol"]
[BlackTeam "Warszawa Polonia"]
[WhiteTeamCountry "POL"]
[BlackTeamCountry "POL"]

1. e4 c6 2. d4 d5 3. exd5 cxd5 4. c4 Nf6 5. Nc3 g6 6. Qb3 Bg7 7. cxd5 0-0 8. Be2 Nbd7 9. Bf3 Nb6 10. a4 a5 11. Bf4 Bf5 12. Rd1 Rc8 13. Nge2 Rc4 14. Qa2 Qd7 15. b3 Rcc8 16. d6 exd6 17. 0-0 d5 18. Qd2 Ne4 19. Bxe4 dxe4 20. Nb5 e3 21. Qxa5 exf2+ 22. Rxf2 Nd5 23. Bd6 Rfd8 24. Nf4 b6 25. Qe1 Nxf4 26. Bxf4 Bc2 27. Rdd2 Bxb3 28. Bg5 Re8 29. Rfe2 Bxa4 30. Na3 b5 31. d5 Rxe2 32. Qxe2 Re8 33. Qf2 Bb3 34. d6 Re6 35. Be7 Bf8 36. Bxf8 Kxf8 37. Qd4 Re1+ 38. Kf2 Re6 39. Qh8# 1-0

[Event "POL-ch (Women)"]
[Site "Konin"]
[Date "1990.??.??"]
[Round "5"]
[White "Bos Swiecik, Iwona"]
[Black "Klusek, Danuta"]
[Result "1-0"]
[WhiteElo "2165"]
[BlackElo "2150"]
[PlyCount "45"]
[EventDate "1990.??.??"]
[EventType "tourn"]
[EventRounds "15"]
[EventCountry "POL"]
[SourceTitle "EXT 1999"]
[Source "ChessBase"]
[SourceDate "1998.11.16"]
[SourceVersion "1"]
[SourceVersionDate "1998.11.16"]
[SourceQuality "1"]

1. e4 e5 2. Nf3 Nc6 3. Bb5 a6 4. Ba4 b5 5. Bb3 Na5 6. 0-0 d6 7. d4 exd4 8. Nxd4 Bb7 9. c4 c5 10. Nf5 g6 11. Ne3 Bg7 12. Nc3 Nxb3 13. Qxb3 b4 14. Ncd5 Nf6 15. Nxf6+ Bxf6 16. Ng4 Bg7 17. Bf4 0-0 18. Rad1 Bd4 19. Qg3 Re8 20. Bxd6 Rxe4 21. Bxc5 Rc8 22. Nh6+ Kg7 23. Bxd4+ 1-0

[Event "POL-ch (Women)"]
[Site "Konin"]
[Date "1990.??.??"]
[Round "8"]
[White "Detko, Joanna"]
[Black "Klusek, Danuta"]
[Result "1-0"]
[WhiteElo "2090"]
[BlackElo "2150"]
[PlyCount "75"]
[EventDate "1990.??.??"]
[EventType "tourn"]
[EventRounds "15"]
[EventCountry "POL"]
[SourceTitle "EXT 1999"]
[Source "ChessBase"]
[SourceDate "1998.11.16"]
[SourceVersion "1"]
[SourceVersionDate "1998.11.16"]
[SourceQuality "1"]

1. e4 Nf6 2. e5 Nd5 3. d4 d6 4. c4 Nb6 5. exd6 cxd6 6. Nc3 g6 7. Bg5 Bg7 8. Rc1 Nc6 9. d5 Ne5 10. Nf3 Bg4 11. b3 0-0 12. Be2 Bxf3 13. Bxf3 Qd7 14. 0-0 Rfe8 15. Be2 Qc8 16. Be3 Ned7 17. Bg4 Qd8 18. Re1 Nf6 19. Bd4 Nxg4 20. Qxg4 Bxd4 21. Qxd4 Nd7 22. Re2 Nf6 23. Rce1 Qd7 24. a4 a6 25. a5 Qc7 26. b4 Rac8 27. Ne4 Nxe4 28. Rxe4 Qd7 29. Qe3 h5 30. h3 Qa4 31. c5 dxc5 32. Rxe7 Rxe7 33. Qxe7 Qxb4 34. d6 Qxa5 35. d7 Rb8 36. Qe8+ Kg7 37. Re7 Qa1+ 38. Kh2 1-0

[Event "POL-ch (Women)"]
[Site "Konin"]
[Date "1990.??.??"]
[Round "13"]
[White "Klusek, Danuta"]
[Black "Leszner, Liliana"]
[Result "1-0"]
[WhiteElo "2150"]
[BlackElo "2175"]
[PlyCount "79"]
[EventDate "1990.??.??"]
[EventType "tourn"]
[EventRounds "15"]
[EventCountry "POL"]
[SourceTitle "EXT 1999"]
[Source "ChessBase"]
[SourceDate "1998.11.16"]
[SourceVersion "1"]
[SourceVersionDate "1998.11.16"]
[SourceQuality "1"]

1. e4 c5 2. Nf3 d6 3. d4 cxd4 4. Nxd4 Nf6 5. Nc3 a6 6. Bc4 e6 7. Bb3 Be7 8. 0-0 0-0 9. Re1 Qc7 10. Bg5 Nc6 11. a4 Na5 12. Ba2 Nc4 13. Bxc4 Qxc4 14. Kh1 Re8 15. f4 e5 16. Nf5 Bxf5 17. exf5 Rac8 18. Bxf6 Bxf6 19. Ne4 Be7 20. fxe5 dxe5 21. c3 f6 22. Qg4 Red8 23. Rad1 Rxd1 24. Rxd1 Kh8 25. a5 Rd8 26. Re1 Qb3 27. Qe2 Rd5 28. Qh5 Rd8 29. Qe2 Kg8 30. h3 Rd5 31. Qh5 Rxa5 32. Qe8+ Bf8 33. Nxf6+ gxf6 34. Re3 Qf7 35. Rg3+ Qg7 36. Rxg7+ Kxg7 37. Qd7+ Kg8 38. Qxb7 Bc5 39. Qc8+ Kg7 40. Qc7+ 1-0

[Event "POL-ch (Women)"]
[Site "Konin"]
[Date "1990.??.??"]
[Round "4"]
[White "Klusek, Danuta"]
[Black "Sikora Gizynska, Bozena"]
[Result "0-1"]
[WhiteElo "2150"]
[BlackElo "2230"]
[PlyCount "80"]
[EventDate "1990.??.??"]
[EventType "tourn"]
[EventRounds "15"]
[EventCountry "POL"]
[SourceTitle "EXT 1999"]
[Source "ChessBase"]
[SourceDate "1998.11.16"]
[SourceVersion "1"]
[SourceVersionDate "1998.11.16"]
[SourceQuality "1"]

1. e4 c5 2. Nf3 e6 3. d4 cxd4 4. Nxd4 a6 5. Nc3 Qc7 6. Be2 Nc6 7. 0-0 Nf6 8. Kh1 Nxd4 9. Qxd4 Bc5 10. Qd3 b5 11. f4 Bb7 12. Bf3 0-0 13. e5 Ne8 14. Bxb7 Qxb7 15. Ne4 Be7 16. Be3 Rd8 17. Bc5 Bxc5 18. Nxc5 Qc6 19. Ne4 Rc8 20. c3 f6 21. Rad1 Rc7 22. Qe3 a5 23. h3 a4 24. a3 Qc4 25. Kg1 Qc6 26. Rd2 Qa6 27. Rfd1 Rf7 28. Nd6 Nxd6 29. Rxd6 Qc8 30. Rb6 fxe5 31. fxe5 Rb7 32. Rbd6 Rc7 33. Rf1 Rxf1+ 34. Kxf1 Rc4 35. Rd2 Qb7 36. Qg5 Rc8 37. Qe7 Rf8+ 38. Kg1 Qe4 39. Qg5 Qe1+ 40. Kh2 h6 0-1

[Event "POL-ch (Women)"]
[Site "Konin"]
[Date "1990.??.??"]
[Round "9"]
[White "Klusek, Danuta"]
[Black "Zietek Czerwonska, Beata"]
[Result "1-0"]
[WhiteElo "2150"]
[BlackElo "2095"]
[PlyCount "85"]
[EventDate "1990.??.??"]
[EventType "tourn"]
[EventRounds "15"]
[EventCountry "POL"]
[SourceTitle "EXT 1999"]
[Source "ChessBase"]
[SourceDate "1998.11.16"]
[SourceVersion "1"]
[SourceVersionDate "1998.11.16"]
[SourceQuality "1"]

1. e4 c5 2. Nf3 d6 3. d4 cxd4 4. Nxd4 Nf6 5. Nc3 a6 6. Bc4 g6 7. 0-0 Bg7 8. Re1 0-0 9. Bb3 Nbd7 10. Bg5 Nc5 11. Nd5 h6 12. Nxf6+ exf6 13. Bh4 Nxb3 14. axb3 d5 15. e5 g5 16. Bg3 f5 17. f4 Re8 18. Qd3 Qb6 19. Kh1 Qg6 20. Nb5 Qc6 21. Nd6 Rd8 22. fxg5 hxg5 23. Nxf5 Bf8 24. Nd4 Qh6 25. Rf1 Bc5 26. Rf6 Qg7 27. Nf5 Bxf5 28. Rxf5 Rd7 29. Raf1 Rc8 30. Qe2 Rc6 31. Qg4 Rg6 32. Rf6 Rd8 33. Rxg6 Qxg6 34. Rf6 Qg7 35. Qh5 Re8 36. Rf5 Be7 37. e6 Rf8 38. Be5 f6 39. Bd4 Rc8 40. c3 Rc6 41. Qe8+ Kh7 42. Rf3 g4 43. Rf5 1-0

[Event "Wch U20 Girls 7th"]
[Site "Tunja"]
[Date "1989.08.??"]
[Round "4"]
[White "Madl, Ildiko"]
[Black "Klusek, Danuta"]
[Result "1-0"]
[WhiteElo "2310"]
[BlackElo "2190"]
[PlyCount "35"]
[EventDate "1989.08.??"]
[EventType "swiss"]
[EventRounds "13"]
[EventCountry "COL"]
[SourceTitle "EXT 2022"]
[Source "ChessBase"]
[SourceDate "2021.10.06"]
[SourceVersion "1"]
[SourceVersionDate "2021.10.06"]
[SourceQuality "1"]

1. e4 e5 2. Nf3 Nc6 3. Bb5 a6 4. Ba4 Nf6 5. 0-0 Be7 6. Re1 b5 7. Bb3 d6 8. c3 0-0 9. h3 Be6 10. d4 Bxb3 11. axb3 exd4 12. cxd4 d5 13. e5 Ne4 14. Nc3 f5 15. exf6 Nxf6 16. Qe2 Re8 17. Qe6+ Kh8 18. Qxc6 1-0

[Event "POL-ch (Women)"]
[Site "Poznan"]
[Date "1989.??.??"]
[Round "9"]
[White "Kaczorowska, Barbara"]
[Black "Klusek, Danuta"]
[Result "0-1"]
[WhiteElo "2200"]
[BlackElo "2145"]
[PlyCount "112"]
[EventDate "1989.??.??"]
[EventType "tourn"]
[EventRounds "15"]
[EventCountry "POL"]
[SourceTitle "EXT 1997"]
[Source "ChessBase"]
[SourceDate "1996.11.15"]
[SourceVersion "1"]
[SourceVersionDate "1996.11.15"]
[SourceQuality "1"]

1. d4 Nf6 2. c4 c5 3. d5 e6 4. Nc3 exd5 5. cxd5 d6 6. e4 g6 7. Nf3 Bg7 8. Be2 0-0 9. 0-0 Na6 10. Nd2 Nc7 11. a4 b6 12. Nc4 Re8 13. Qc2 Ng4 14. f4 Bd4+ 15. Kh1 Nxh2 16. g3 Nxf1 17. Bxf1 f5 18. e5 dxe5 19. d6 Bb7+ 20. Bg2 Bxg2+ 21. Qxg2 Ne6 22. fxe5 Bxe5 23. Nxe5 Qxd6 24. Bf4 g5 25. Rd1 Nd4 26. Nf7 Qg6 27. Nxg5 Rad8 28. Qf1 h6 29. Nf3 Qc6 30. Kg2 Re6 31. Rd2 Rde8 32. Rf2 Kg7 33. Qd3 Re1 34. Bd2 R1e6 35. Kh2 Nxf3+ 36. Rxf3 Rd6 37. Nd5 Qxd5 38. Bc3+ Kg8 39. Qf1 Rf8 40. g4 Qd1 41. Qc4+ Qd5 42. Qf4 Re6 43. gxf5 Re2+ 44. Kh3 Kh7 45. Qg3 Qf7 46. Qg6+ Qxg6 47. fxg6+ Kg8 48. Rd3 Re6 49. g7 Rfe8 50. Kg4 a6 51. Kf5 b5 52. axb5 axb5 53. Bf6 Kh7 54. Rd7 Re2 55. Rf7 Rf2+ 56. Kg4 Kg8 0-1

[Event "POL-ch (Women)"]
[Site "Poznan"]
[Date "1989.??.??"]
[Round "12"]
[White "Klusek, Danuta"]
[Black "Nowicki, Eva"]
[Result "1-0"]
[WhiteElo "2145"]
[BlackElo "2160"]
[PlyCount "115"]
[EventDate "1989.??.??"]
[EventType "tourn"]
[EventRounds "15"]
[EventCountry "POL"]
[SourceTitle "EXT 1997"]
[Source "ChessBase"]
[SourceDate "1996.11.15"]
[SourceVersion "1"]
[SourceVersionDate "1996.11.15"]
[SourceQuality "1"]

1. e4 c5 2. Nf3 d6 3. d4 cxd4 4. Nxd4 Nf6 5. Nc3 a6 6. Be3 e5 7. Nb3 Be6 8. Be2 Be7 9. 0-0 0-0 10. f4 Qc7 11. a4 Nbd7 12. a5 Rac8 13. f5 Bc4 14. Bxc4 Qxc4 15. Ra4 Qc6 16. Qf3 Ra8 17. g4 b5 18. axb6 Nxb6 19. Na5 Qc7 20. Raa1 h6 21. Kh1 Nfd7 22. Rg1 Bg5 23. Rg2 Nf6 24. Bxg5 hxg5 25. h4 Nh7 26. Rh2 f6 27. h5 Rf7 28. Rd1 Na4 29. Nxa4 Qxa5 30. Qb3 Qb5 31. Qxb5 axb5 32. Nc3 b4 33. Nb5 Rd7 34. Rhd2 Ra2 35. b3 Nf8 36. Nxd6 Rc7 37. Nc4 Kf7 38. Kg2 Ke7 39. Kf3 Nd7 40. h6 gxh6 41. Rh1 Nf8 42. Rxh6 Rd7 43. Rxd7+ Nxd7 44. Rh7+ Kd8 45. Ne3 Kc8 46. Rf7 Kd8 47. Rg7 Kc8 48. Re7 Rb2 49. Re6 Kb7 50. Rd6 Kc7 51. Rd2 Nb6 52. Ke2 Kc6 53. Rd8 Ra2 54. Rf8 Nd7 55. Rc8+ Kb5 56. Nd5 Nc5 57. Rb8+ Kc6 58. Nxb4+ 1-0

[Event "Brno zt (Women)"]
[Site "Brno"]
[Date "1989.??.??"]
[Round "14"]
[White "Skacelova, Libuse"]
[Black "Klusek, Danuta"]
[Result "1/2-1/2"]
[WhiteElo "2160"]
[BlackElo "2190"]
[PlyCount "97"]
[EventDate "1989.??.??"]
[EventType "tourn"]
[EventRounds "17"]
[EventCountry "CZE"]
[SourceTitle "EXT 1997"]
[Source "ChessBase"]
[SourceDate "1996.11.15"]
[SourceVersion "1"]
[SourceVersionDate "1996.11.15"]
[SourceQuality "1"]

1. e4 e5 2. Nf3 Nc6 3. Nc3 Nf6 4. Bb5 Bb4 5. 0-0 0-0 6. d3 d6 7. Bg5 Bxc3 8. bxc3 Qe7 9. Nd2 h6 10. Bh4 Nd8 11. Re1 Ne6 12. Nf1 Nf4 13. Ne3 c6 14. Bc4 Ng6 15. Bg3 Be6 16. Qf3 Qd7 17. Bb3 Nh7 18. Qd1 Rfe8 19. d4 Bxb3 20. axb3 Nf6 21. f3 Qc7 22. Qd2 Nh5 23. Bf2 Nhf4 24. c4 h5 25. Nf5 b6 26. c5 dxc5 27. dxc5 Red8 28. Qb4 bxc5 29. Qxc5 a5 30. Kf1 Ne6 31. Qb6 Qxb6 32. Bxb6 Rd2 33. Re2 Rxe2 34. Kxe2 Kf8 35. Rxa5 Rxa5 36. Bxa5 Ngf4+ 37. Kf2 g6 38. Ne3 Nd4 39. Bc7 f6 40. g3 Nh3+ 41. Kg2 Ng5 42. b4 Ngxf3 43. c3 Nb5 44. Bd8 Nd2 45. Bxf6 Nxe4 46. Bxe5 Nexc3 47. Kf3 Kf7 48. Kf4 Na2 49. Nc2 1/2-1/2

[Event "Brno zt (Women)"]
[Site "Brno"]
[Date "1989.??.??"]
[Round "10"]
[White "Sziva, Erika"]
[Black "Klusek, Danuta"]
[Result "1-0"]
[WhiteElo "2250"]
[BlackElo "2190"]
[PlyCount "65"]
[EventDate "1989.??.??"]
[EventType "tourn"]
[EventRounds "17"]
[EventCountry "CZE"]
[SourceTitle "EXT 1997"]
[Source "ChessBase"]
[SourceDate "1996.11.15"]
[SourceVersion "1"]
[SourceVersionDate "1996.11.15"]
[SourceQuality "1"]

1. e4 c5 2. Nf3 e6 3. d4 cxd4 4. Nxd4 Nf6 5. Nc3 Nc6 6. Ndb5 Bb4 7. a3 Bxc3+ 8. Nxc3 d5 9. exd5 exd5 10. Bd3 0-0 11. 0-0 d4 12. Ne2 Bg4 13. Bg5 Re8 14. f3 Be6 15. Qd2 Rc8 16. Qf4 h6 17. Bxf6 Qxf6 18. Qxf6 gxf6 19. Rfd1 Red8 20. Bb5 Bf5 21. Bxc6 Rxc6 22. Nxd4 Bxc2 23. Nxc6 Rxd1+ 24. Rxd1 Bxd1 25. Nxa7 Bb3 26. Nb5 Kg7 27. Kf2 Kg6 28. Ke3 f5 29. Nd6 b6 30. Nc8 b5 31. Nd6 Ba4 32. Kd4 Kf6 33. Kc5 1-0